| 000 | 00803nam a2200193Ii 4500 | ||
|---|---|---|---|
| 003 | JO-AjNU | ||
| 008 | 230605s9999||||xx |||||||||||||| ||und|| | ||
| 040 |
_aJO-AjNU _bara _erda _cJO-AjNU |
||
| 041 | _aara | ||
| 050 | 1 | 4 | _aD743.N4712 1989 |
| 100 | 3 |
_aتاليف بلومنتريت، مونثر؛ ترجمة خطاب، ترجمة محمود شيت, _eauthor _97129 |
|
| 245 | 0 | 0 | _aاسرار الحرب العالمية الثالثة في سيرة أبرز قائد الماني المشير فون رونشتد القائد الانسان |
| 264 | 3 | 1 | _aبيروت: دار مكتبة الحياة، 1989 |
| 300 | _a336س | ||
| 336 |
_atext _btxt _2rdacontent |
||
| 337 |
_aunmediated _bn _2rdamedia |
||
| 338 |
_avolume _bnc _2rdacarrier |
||
| 650 | 4 |
_aالحرب العالمية الثالثة _97130 |
|
| 999 |
_aA122 _c3690 _d3690 |
||